000 00418cam a22001217a 4500
008 180718b1976 xxu||||| |||| 00| 0 eng d
082 _aA81x54 In2/71/17/PT2A/S
100 _aCensus of India 1971
245 _aPunjab: general population tables (standard urban areas)
260 _aDelhi
_bThe Manager of Publications
_c1976
300 _a105+p.
440 _aCensus of India 1971. Series-17, Punjab. Part-IIA (Supplement)
999 _c485393
_d485393